Personnalités politiques associées à leur parti - Mort subite - Statistiques

Statistiques générales
  • Ce quiz a été pris 185 fois
  • Le résultat moyen est 3 sur 6
Answers on the Grid
Answers color-coded by a green-red scale on the quiz's grid according to % correct below.
Angela Merkel - Union démocrate-chrétienne
Bernard Cazeneuve - Parti Socialiste
Donald Trump - Parti Républicain
Edouard Philippe - Renaissance
Fabien Roussel - La France Insoumise
Giorgia Meloni - Forza Italia !
Jean-Luc Mélenchon - Les Écologistes
Jimmy Carter - Parti Républicain
Justin Trudeau - Bloc Québécois
Keir Starmer - Parti Conservateur
Maurice Thorez - SFIO
Olaf Scholz - AfD
Pedro Sanchez - Parti socialiste ouvrier espagnol
Sébastien Chenu - Les Républicains
Vladimir Poutine - Russie Unie
Xi Jinping - Parti Communiste Chinois
 
Statistiques - réponses
Réponse % Correct
Bonne réponse ! Donald Trump - Parti Républicain
83%
Bonne réponse ! Bernard Cazeneuve - Parti Socialiste
65%
Bonne réponse ! Angela Merkel - Union démocrate-chrétienne
47%
Bonne réponse ! Xi Jinping - Parti Communiste Chinois
46%
Bonne réponse ! Pedro Sanchez - Parti socialiste ouvrier espagnol
24%
Bonne réponse ! Vladimir Poutine - Russie Unie
23%
Aucun quiz correspondant
Distribution des résultats
% des personnes avec chaque résultat
Percentile par nombre de réponses
Votre historique - résultats
Vous n’avez pas pris ce quiz